000 00394nam a2200133 a 4500
001 000044162
005 20201002045204.0
008 140603s2009 dr acd 000 0 spa d
020 _a9789945171815
040 _aDO-SdBNP
_bspa
_cBNPHU
245 0 0 _aCiencias sociales 1 :
_beducación media /.
260 _aSanto Domingo :
_bEdiciones SM,
_c2009.
300 _a277 p. :
_bil., gráf., mapas ;
_c29 cm.
999 _c43651
_d43651